Szenvedélybeteg nők - Sorsok és segítés

Bibliográfiai részletek
Szerző: Béki Ágnes
További közreműködők: Nagy Zsolt György
Dokumentumtípus: Záródolgozat
Kulcsszavak:alkoholizmus
függőség
kábítószer-fogyasztás
mentálhigiénia
nők
Online Access:http://dolgozattar.uni-bge.hu/59946

MARC

LEADER 00000nta a2200000 i 4500
001 dolg59946
005 20260409145801.0
008 260409suuuu hu o 000 hun d
040 |a BGE Dolgozattár Repozitórium  |b hun 
041 |a hu 
100 1 |a Béki Ágnes 
245 1 0 |a Szenvedélybeteg nők - Sorsok és segítés  |c Béki Ágnes  |h [elektronikus dokumentum] 
516 |a Final_paper 
520 3 |a Szakdolgozatom központi témája a női szenvedélybetegek sorsán keresztül bemutatni, hogy milyen sajátos problémákkal küzdenek és milyen segítséget kaphatnak a rehabilitációs intézetekben. Választ keresek arra, hogy mennyire jellemző, hogy valamilyen érzelmi hatás miatt válnak szerhasználóvá; hogy érzik-e a stigmatizációt női szerhasználóként; illetve terveik szerint a rehabilitáció utáni életük mennyiben lesz más a rehabilitáció előttihez képest? Fontosnak tartom történeteken keresztül érzékeltetni a problémát, mert amíg nem látjuk azt a rengeteg szenvedést, ami a függőség mögött van, addig segíteni sem leszünk képesek. 
695 |a alkoholizmus 
695 |a függőség 
695 |a kábítószer-fogyasztás 
695 |a mentálhigiénia 
695 |a nők 
700 1 |a Nagy Zsolt György  |e ths 
856 4 0 |u http://dolgozattar.uni-bge.hu/59946/1/SZAKDOLGOZAT202505.pdf  |z Dokumentum-elérés 
856 4 0 |u http://dolgozattar.uni-bge.hu/59946/2/B%C3%A9ki%20%C3%81gnes_kulso_biralat.pdf  |z Dokumentum-elérés 
856 4 0 |u http://dolgozattar.uni-bge.hu/59946/3/B%C3%A9ki%20%C3%81gnes_b%C3%ADr%C3%A1lat.pdf  |z Dokumentum-elérés